AH International Schools' Libraries

(Khmer) feelings: (Record no. 50046)

MARC details
000 -LEADER
fixed length control field 00266nam a2200097 4500
020 ## - INTERNATIONAL STANDARD BOOK NUMBER
International Standard Book Number 9789924342250
245 ## - TITLE STATEMENT
Title (Khmer) feelings:
Remainder of title why do we feel different?
Statement of responsibility, etc Seng Ly.
260 ## - PUBLICATION, DISTRIBUTION, ETC. (IMPRINT)
Place of publication, distribution, etc Cambodia:
Name of publisher, distributor, etc Sipar;
300 ## - PHYSICAL DESCRIPTION
Extent unpaged,
Other physical details col. ill.
Dimensions 17 cm.
942 ## - ADDED ENTRY ELEMENTS (KOHA)
Source of classification or shelving scheme
Koha item type Khmer Fic Books
Holdings
Withdrawn status Lost status Source of classification or shelving scheme Damaged status Not for loan Collection code Home library Current library Date acquired Total Checkouts Full call number Barcode Checked out Date last seen Date checked out Price effective from Koha item type
          Siem Riep Asian Hope Secondary Library Asian Hope Secondary Library 01/13/2026 4 KHMER J FIC SEN 210160 04/14/2026 04/07/2026 04/07/2026 01/13/2026 Khmer Fic Books

For any Logos Library related questions please contact Miss Art at swongnarasuk@asianhope.org.

For any Asian Hope Library related questions please contact Miss Raza at graza@asianhope.org.

Powered by Koha